000 00858nam a2200253 i 4500
001 bg
245 0 0 _aWykorzystanie zużytych opon samochodowych w budownictwie drogowym /
_c[zespół Renata Horodecka et al.] ; Instytut Badawczy Dróg i Mostów.
260 _aWarszawa :
_bIBDiM,
_c2002.
300 _a101, [2] s., [4]s.tabl.kolor. :
_bil. ;
_c24 cm.
490 1 _aStudia i Materiały,
_x0239-8575 ;
_vz.54
504 _aBibliogr.
650 9 _aOpony i dętki
_xstosowanie
650 9 _aDrogi
_xbudownictwo
_xmateriały
650 9 _aOdpady gumowe
_xrecykling
700 1 _aHORODECKA, Renata
710 0 _aInstytut Badawczy Dróg i Mostów
830 _aStudia i Materiały,
_x0239-8575 ;
040 _cBPK
041 0 _apl
080 _a625.7/.8:678.4
942 _cKS
008 s pl f |000 0 pol
999 _c41689
_d41689
856 _uhttp://koha.tu.koszalin.pl/cgi-bin/koha/opac-detail.pl?biblionumber=41689
_yKatalog online BPK